乃木坂46楽曲の中で歌詞に「自転車」が含まれる曲 - Statistics

General Stats
  • This quiz has been taken 21 times
  • The average score is 3 of 9
Answer Stats
Hint Answer % Correct
線路沿いの道を「自転車」で走って Monopoly
63%
「自転車」で追いかけた あのバスに引き離されて ロマンスのスタート
56%
君のマンションの近くまで 「自転車」でやって来た 急斜面
50%
通学電車を追いかけて 「自転車」全力立ち漕ぎした 平行線
44%
「自転車」全力でペダル漕ぎながら坂を登る 会いたかったかもしれない
44%
「自転車」 二人乗り ぐるぐる走りながら... あの教室
25%
定刻になったら 「自転車」が溢れて 生まれたままで
25%
君を乗せて「自転車」を漕いだあの日のままだ 路面電車の街
13%
「自転車」がパンクしたとき そんなバカな...
13%
No matching quizzes found
Score Distribution
Percent of People with Each Score
Percentile by Number Answered
Your Score History
You have not taken this quiz